00519nam a2200157 a 450000100100000000500170001000800410002704000250006808200130009310000390010624000370014524500910018226000330027330000210030670000340032700003524320200930074212.0111026s1966 mx 000 0 spa d aDO-SdBNPbspacBNPHU axxxbK831 aKopnin, P. Vq(Pavel Vasilʹevich)10aDialektika kak logikalespañol10aLógica dialéctica /cP. V. Kopnin ; versión al español Lydia Kuper de Velasco. aMéxico :bGrijalbo,c1966. a562 p. ;c22 cm.1 aKuper de Velasco, Lydia,etr.